| 000 | 00781nam a2200253 i 4500 | ||
|---|---|---|---|
| 001 | bg | ||
| 100 | 1 | _aSIEMIENIAKO, Franciszek | |
| 245 | 1 | 0 |
_aTeoria maszyn i mechanizmów z zadaniami / _cFranciszek Siemieniako ; Politechnika Białostocka. |
| 250 | _aWyd. 5. | ||
| 260 |
_aBiałystok : _bDział Wydawnictw i Poligrafii PB, _c1999. |
||
| 300 |
_a265 s. : _brys., wykr. ; _c23 cm. |
||
| 500 | _aU dołu okł. : 50 lat Politechniki Białostockiej. | ||
| 504 | _aBibliogr. s. 265. | ||
| 650 | 9 |
_aMaszyny _xteoria |
|
| 655 | _aPodręczniki akademickie | ||
| 710 | 0 | _aPolitechnika Białostocka | |
| 020 | _a8386272872 | ||
| 040 | _cBPK | ||
| 041 | 0 | _apl | |
| 080 | _a621.01(075.8) | ||
| 920 | _a83-86272-87-2 | ||
| 942 | _cKS | ||
| 008 | s pl f |000 0 pol | ||
| 999 |
_c37842 _d37842 |
||
| 856 |
_uhttp://koha.tu.koszalin.pl/cgi-bin/koha/opac-detail.pl?biblionumber=37842 _yKatalog online BPK |
||